Statistics for Bordering Countries #4

Click here to take the quiz!

General Stats

  • This quiz has been taken 60 times
  • The average score is 55 of 64

Answer Stats

Hint Answer % Correct
ThailandLaos
100%
EstoniaLatvia
98%
CanadaUnited States
98%
UzbekistanKazakhstan
98%
RussiaChina
98%
IrelandUnited Kingdom
98%
PortugalSpain
98%
EgyptLibya
98%
DjiboutiEritrea
96%
UruguayBrazil
96%
UzbekistanKyrgyzstan
93%
UruguayArgentina
93%
BelgiumNetherlands
93%
EgyptSudan
93%
BelgiumFrance
93%
ThailandCambodia
93%
UzbekistanTurkmenistan
93%
UzbekistanTajikistan
93%
MontenegroAlbania
91%
MozambiqueTanzania
91%
EcuadorPeru
91%
MontenegroSerbia
91%
BelgiumGermany
91%
DjiboutiEthiopia
91%
RussiaMongolia
91%
ThailandBurma
91%
MozambiqueSouth Africa
89%
EgyptIsrael
89%
RussiaUkraine
89%
MontenegroBosnia and Herzegovina
89%
DjiboutiSomalia
89%
BeninTogo
87%
YemenOman
87%
BelgiumLuxembourg
87%
MontenegroCroatia
87%
YemenSaudi Arabia
85%
Sierra LeoneGuinea
85%
EcuadorColombia
85%
RussiaBelarus
85%
UzbekistanAfghanistan
83%
EstoniaRussia
83%
GambiaSenegal
83%
MontenegroKosovo
80%
MozambiqueZimbabwe
80%
BeninNiger
80%
MozambiqueZambia
80%
RussiaEstonia
80%
MozambiqueMalawi
80%
ThailandMalaysia
78%
RussiaLithuania
78%
BeninNigeria
78%
RussiaFinland
78%
RussiaAzerbaijan
76%
RussiaGeorgia
76%
RussiaNorth Korea
76%
Sierra LeoneLiberia
74%
RussiaPoland
74%
MozambiqueSwaziland
72%
Equatorial GuineaCameroon
72%
BeninBurkina Faso
65%
Equatorial GuineaGabon
65%
RussiaNorway
63%

Score Distribution

Percentile by Number Answered

Percent of People with Each Score

Your Score History

You have not taken this quiz